Four NBA All Star On A Single Team - Statistics

General Stats
  • This quiz has been taken 1,401 times
    1,393 since last reset
  • The average score is 21 of 32
Answer Stats
Year Player Team % Correct
2017/2018 Stephen Curry Golden State Warriors
100%
2017/2018 Draymond Green Golden State Warriors
99%
2017/2018 Klay Thompson Golden State Warriors
99%
2017/2018 Kevin Durant Golden State Warriors
97%
2011 Kevin Garnett Boston Celtics
92%
2011 Paul Pierce Boston Celtics
91%
1998 Shaquille O'Neal Los Angeles Lakers
89%
1998 Kobe Bryant Los Angeles Lakers
88%
2011 Ray Allen Boston Celtics
88%
2011 Rajon Rondo Boston Celtics
84%
1962 Bill Russell Boston Celtics
83%
2006 Ben Wallace Detroit Pistons
82%
2006 Rasheed Wallace Detroit Pistons
82%
2006 Chauncey Billups Detroit Pistons
77%
1983 Julius Erving Philadelphia 76ers
74%
2015 Al Horford Atlanta Hawks
72%
1962 Bob Cousy Boston Celtics
71%
1975 John Havlicek Boston Celtics
69%
1983 Moses Malone Philadelphia 76ers
69%
2015 Paul Millsap Atlanta Hawks
64%
2015 Kyle Korver Atlanta Hawks
62%
2015 Jeff Teague Atlanta Hawks
59%
2006 Richard Hamilton Detroit Pistons
59%
1998 Eddie Jones Los Angeles Lakers
53%
1962 Sam Jones Boston Celtics
53%
1975 Dave Cowens Boston Celtics
41%
1975 Jo Jo White Boston Celtics
33%
1983 Maurice Cheeks Philadelphia 76ers
31%
1998 Nick Van Exel Los Angeles Lakers
27%
1962 Tom Heinsohn Boston Celtics
23%
1983 Andrew Toney Philadelphia 76ers
8%
1975 Paul Silas Boston Celtics
6%
No matching quizzes found
Score Distribution
Percent of People with Each Score
Percentile by Number Answered
Your Score History
You have not taken this quiz since the last reset